[Event "BCF-chT3 1415 (4NCL)"]
[Site "England"]
[Date "2015.05.03"]
[Round "11.99"]
[White "Stephens, Ian Paul"]
[Black "Drabble, Andrew"]
[Result "0-1"]
[WhiteElo "1727"]
[BlackElo "2076"]
[PlyCount "114"]
[EventDate "2015.03.21"]
[EventType "team-swiss"]
[EventRounds "11"]
[EventCountry "ENG"]
[SourceTitle "EXT 2016"]
[Source "ChessBase"]
[SourceDate "2015.10.08"]
[SourceVersion "1"]
[SourceVersionDate "2015.10.08"]
[SourceQuality "1"]
[WhiteTeam "Manchester Manticores III"]
[BlackTeam "Bradford DCA Knights"]
[WhiteTeamCountry "ENG"]
[BlackTeamCountry "ENG"]

1. e4 e6 2. d4 d5 3. Nd2 dxe4 4. Nxe4 Nd7 5. Nf3 Ngf6 6. Bd3 c5 7. c3 Qc7 8. h3 Nxe4 9. Bxe4 Bd6 10. Qe2 a6 11. 0-0 Nf6 12. Bc2 Bd7 13. Re1 Bc6 14. Be3 cxd4 15. Bxd4 Bb5 16. Bd3 Bxd3 17. Qxd3 Rd8 18. Qe2 Be7 19. Rad1 0-0 20. Be5 Qc5 21. Rxd8 Rxd8 22. Rd1 Rd5 23. Bd4 Qa5 24. b4 Qd8 25. Rd2 b5 26. Qe3 Nd7 27. Re2 Bf6 28. Bxf6 Nxf6 29. Rd2 Qe7 30. g3 h6 31. Rxd5 Nxd5 32. Qc5 Qxc5 33. bxc5 Kf8 34. Ne5 Ke8 35. c4 bxc4 36. Nxc4 f6 37. Nd2 Kd7 38. Nb3 e5 39. Kf1 Nc3 40. a3 Kc6 41. f4 Ne4 42. fxe5 fxe5 43. Ke2 Nxc5 44. Nd2 Kd5 45. Ke3 Nd7 46. Nf3 Nb6 47. Nh4 Nc4+ 48. Ke2 Ke4 49. g4 Nxa3 50. Nf5 Nb5 51. Nxg7 a5 52. Nf5 Nd4+ 53. Nxd4 Kxd4 54. h4 Ke4 55. g5 hxg5 56. h5 Kf5 57. Kf3 a4 0-1

[Event "BCF-chT3 1415 (4NCL)"]
[Site "England"]
[Date "2015.05.02"]
[Round "9.218"]
[White "Pollack, Oscar"]
[Black "Stephens, Ian Paul"]
[Result "1-0"]
[WhiteElo "1795"]
[BlackElo "1727"]
[PlyCount "140"]
[EventDate "2015.03.21"]
[EventType "team-swiss"]
[EventRounds "11"]
[EventCountry "ENG"]
[SourceTitle "EXT 2016"]
[Source "ChessBase"]
[SourceDate "2015.10.08"]
[SourceVersion "1"]
[SourceVersionDate "2015.10.08"]
[SourceQuality "1"]
[WhiteTeam "Barnet Knights"]
[BlackTeam "Manchester Manticores III"]
[WhiteTeamCountry "ENG"]
[BlackTeamCountry "ENG"]

1. Nf3 Nf6 2. g3 g6 3. Bg2 Bg7 4. d4 0-0 5. c4 d6 6. Nc3 Nbd7 7. 0-0 a6 8. e4 e5 9. d5 Rb8 10. a4 b6 11. b4 h6 12. Ne1 Kh7 13. Nd3 Rh8 14. f3 Kg8 15. Be3 Nf8 16. a5 bxa5 17. Rxa5 g5 18. Ra3 Ng6 19. c5 Ne8 20. c6 h5 21. f4 gxf4 22. gxf4 exf4 23. Nxf4 Be5 24. Nxg6 fxg6 25. Bd4 Bg4 26. Qd2 Bc8 27. Bxe5 dxe5 28. Na4 Nd6 29. Nc5 Qe7 30. Rc3 Kg7 31. Rcf3 Bg4 32. Rf6 Rbf8 33. Ne6+ Bxe6 34. Rxe6 Rxf1+ 35. Bxf1 Qf7 36. Qg5 Qf2+ 37. Kxf2 Nxe4+ 38. Ke3 Nxg5 39. Re7+ Kf6 40. Rxc7 Rd8 41. h4 Nf7 42. Bxa6 Nd6 43. b5 Nc4+ 44. Kf2 Rxd5 45. Rd7 Rxd7 46. cxd7 Ke7 47. Bc8 Nb6 48. Ke3 Nc4+ 49. Kd3 Nb6 50. Ke4 Nc4 51. Kd5 Nb6+ 52. Kxe5 Na8 53. Bb7 Nb6 54. Bc6 Nc4+ 55. Kf4 Kd8 56. Kg5 Ne5 57. Kf6 Nd3 58. Kxg6 Nf4+ 59. Kg5 Ne6+ 60. Kxh5 Ke7 61. Kg4 Nd8 62. h5 Kf6 63. Be4 Nf7 64. Bf5 Ke7 65. b6 Kd8 66. Be6 Ne5+ 67. Kf5 Nc6 68. h6 Nd4+ 69. Ke5 Nxe6 70. h7 Nf8 1-0

[Event "BCF-chT3 1213 (4NCL)"]
[Site "England"]
[Date "2013.03.24"]
[Round "8.218"]
[White "Stephens, Ian Paul"]
[Black "Tart, Peter K"]
[Result "1/2-1/2"]
[WhiteElo "1878"]
[BlackElo "1966"]
[PlyCount "111"]
[EventDate "2012.11.03"]
[EventType "team-swiss"]
[EventRounds "11"]
[EventCountry "ENG"]
[SourceTitle "EXT 2014"]
[Source "ChessBase"]
[SourceDate "2013.11.20"]
[SourceVersion "1"]
[SourceVersionDate "2013.11.20"]
[SourceQuality "1"]
[WhiteTeam "Aigburth"]
[BlackTeam "BCM Hippos III"]
[WhiteTeamCountry "ENG"]
[BlackTeamCountry "ENG"]

1. e4 e5 2. Nf3 d5 3. Nxe5 Bd6 4. d4 dxe4 5. Nc4 Nf6 6. Be2 Nc6 7. c3 Nd5 8. Nxd6+ Qxd6 9. Na3 Qg6 10. g3 Bh3 11. Nc2 0-0-0 12. Ne3 Rhe8 13. Bg4+ Bxg4 14. Qxg4+ Qxg4 15. Nxg4 Na5 16. Ne3 Re6 17. 0-0 Ra6 18. Bd2 Nxe3 19. Bxe3 Nc4 20. Rfb1 Rd5 21. b3 Nxe3 22. fxe3 Rda5 23. Rb2 c5 24. Rc2 Ra3 25. dxc5 Rxb3 26. axb3 Rxa1+ 27. Kf2 Rh1 28. Kg2 Re1 29. Kf2 Rd1 30. g4 Rd3 31. b4 Kc7 32. Ke2 Kc6 33. h4 Kb5 34. Ra2 a6 35. Ra5+ Kc6 36. Ra3 f6 37. Kf2 h5 38. gxh5 Rd5 39. c4 Rxh5 40. Kg3 Rf5 41. Kg4 Rf3 42. Ra4 g6 43. b5+ Kxc5 44. bxa6 f5+ 45. Kg5 Rg3+ 46. Kf6 bxa6 47. Rxa6 Kxc4 48. h5 gxh5 49. Kxf5 Rxe3 50. Kf4 Re1 51. Ra4+ Kd3 52. Ra3+ Ke2 53. Re3+ Kf2 54. Rxe1 Kxe1 55. Kxe4 Kf2 56. Kf4 1/2-1/2

[Event "BCF-chT3N 1213 (4NCL)"]
[Site "England"]
[Date "2013.02.23"]
[Round "5"]
[White "Cowan, Richard M"]
[Black "Stephens, Ian Paul"]
[Result "1-0"]
[WhiteElo "1816"]
[BlackElo "1877"]
[PlyCount "83"]
[EventDate "2012.11.24"]
[EventType "team-swiss"]
[EventRounds "6"]
[EventCountry "ENG"]
[SourceTitle "EXT 2014"]
[Source "ChessBase"]
[SourceDate "2013.11.20"]
[SourceVersion "1"]
[SourceVersionDate "2013.11.20"]
[SourceQuality "1"]
[WhiteTeam "Jorvik"]
[BlackTeam "Aigburth"]
[WhiteTeamCountry "ENG"]
[BlackTeamCountry "ENG"]

1. e4 c5 2. Nc3 Nc6 3. d3 e6 4. f4 Nf6 5. g4 h5 6. g5 Ng8 7. Bg2 g6 8. Nf3 Bg7 9. Be3 d6 10. 0-0 Nd4 11. Na4 b5 12. Nc3 Rb8 13. a4 b4 14. Nb5 Nxf3+ 15. Qxf3 Bb7 16. Nxa7 Ne7 17. Nb5 0-0 18. c3 Nf5 19. Bf2 bxc3 20. bxc3 f6 21. Qh3 fxg5 22. exf5 g4 23. Qe3 exf5 24. Qe6+ Kh7 25. Rfe1 Bxg2 26. Kxg2 Rb6 27. Qd5 h4 28. Re6 h3+ 29. Kg1 Rf6 30. Bh4 Qf8 31. Bxf6 Bxf6 32. Rae1 Kh6 33. Re8 Qg7 34. Nxd6 Bxc3 35. Nf7+ Kh5 36. Rh8+ Qxh8 37. Nxh8 Bd4+ 38. Kf1 Rb2 39. Re7 Rf2+ 40. Ke1 Rxf4 41. Rh7+ Kg5 42. Qd8+ 1-0

[Event "Buxton e2e4 Major op 06"]
[Site "Buxton"]
[Date "2012.07.01"]
[Round "5"]
[White "Stephens, Ian Paul"]
[Black "Shah, Dipak K"]
[Result "1-0"]
[WhiteElo "1742"]
[BlackElo "1929"]
[PlyCount "77"]
[EventDate "2012.06.29"]
[EventType "swiss"]
[EventRounds "5"]
[EventCountry "ENG"]
[SourceTitle "EXT 2014"]
[Source "ChessBase"]
[SourceDate "2013.11.20"]
[SourceVersion "1"]
[SourceVersionDate "2013.11.20"]
[SourceQuality "1"]

1. e4 e5 2. Nf3 Nc6 3. Bc4 Bc5 4. 0-0 h6 5. c3 d6 6. b4 Bb6 7. a4 a6 8. Qb3 Qe7 9. Bb2 Nf6 10. d3 g5 11. Nbd2 Nh5 12. d4 Nf4 13. a5 Ba7 14. b5 axb5 15. Bxb5 0-0 16. a6 g4 17. Ne1 exd4 18. axb7 Bxb7 19. Qd1 h5 20. g3 Nh3+ 21. Kg2 dxc3 22. Bxc3 Nd4 23. Rxa7 Nxb5 24. Rxb7 Nxc3 25. Qc2 Qe5 26. f4 Qa5 27. Rb3 Nb5 28. Nc4 Qa6 29. Qd3 c5 30. Nc2 Nd4 31. Nxd4 cxd4 32. Rfb1 f5 33. Rb6 fxe4 34. Qxe4 Qxc4 35. Qg6+ Kh8 36. Qxh5+ Kg7 37. Qxg4+ Kf6 38. Rxd6+ Ke7 39. Qd7# 1-0

[Event "Buxton e2e4 Major op 06"]
[Site "Buxton"]
[Date "2012.06.30"]
[Round "3"]
[White "Price, Andrew"]
[Black "Stephens, Ian Paul"]
[Result "1-0"]
[WhiteElo "1934"]
[BlackElo "1742"]
[PlyCount "59"]
[EventDate "2012.06.29"]
[EventType "swiss"]
[EventRounds "5"]
[EventCountry "ENG"]
[SourceTitle "EXT 2014"]
[Source "ChessBase"]
[SourceDate "2013.11.20"]
[SourceVersion "1"]
[SourceVersionDate "2013.11.20"]
[SourceQuality "1"]

1. d4 Nf6 2. c4 g6 3. Nc3 Bg7 4. e4 d6 5. Nf3 0-0 6. Be2 Nbd7 7. 0-0 c5 8. d5 a6 9. Nd2 Rb8 10. f4 Nb6 11. Nf3 Bd7 12. Qe1 Qc8 13. Rb1 Na4 14. Nxa4 Bxa4 15. e5 dxe5 16. fxe5 Ng4 17. b3 Bd7 18. Bf4 e6 19. h3 Nh6 20. g4 exd5 21. cxd5 Kh8 22. Qh4 Ng8 23. Ng5 h6 24. Ne4 Qd8 25. Bg5 Qb6 26. Bc4 Bxe5 27. Bxh6 Nxh6 28. Qxh6+ Kg8 29. Ng5 Bd4+ 30. Kh1 1-0

[Event "Buxton e2e4 Major op 06"]
[Site "Buxton"]
[Date "2012.06.30"]
[Round "2"]
[White "Stephens, Ian Paul"]
[Black "Burke, Mitchell R"]
[Result "1/2-1/2"]
[WhiteElo "1742"]
[BlackElo "1898"]
[PlyCount "113"]
[EventDate "2012.06.29"]
[EventType "swiss"]
[EventRounds "5"]
[EventCountry "ENG"]
[SourceTitle "EXT 2014"]
[Source "ChessBase"]
[SourceDate "2013.11.20"]
[SourceVersion "1"]
[SourceVersionDate "2013.11.20"]
[SourceQuality "1"]

1. e4 c5 2. Nf3 Nc6 3. d4 cxd4 4. Nxd4 d5 5. Nxc6 bxc6 6. exd5 Qxd5 7. Qxd5 cxd5 8. Bb5+ Bd7 9. Bxd7+ Kxd7 10. Be3 e6 11. Nd2 Nf6 12. h3 Bd6 13. 0-0 Rhc8 14. Rfc1 Bc5 15. Bxc5 Rxc5 16. Nb3 Rc7 17. c3 a5 18. Rd1 a4 19. Nd4 Rb8 20. Rd2 a3 21. b3 Rxc3 22. Nc2 Ne4 23. Re2 Ra8 24. Rd1 Nd6 25. Rdd2 Nb5 26. Nd4 Rc1+ 27. Kh2 Nd6 28. f3 Rac8 29. Kg3 R8c3 30. Kf2 Rb1 31. Re3 Rb2 32. Ree2 Rb1 33. Re1 Rcc1 34. Rxc1 Rxc1 35. Ke2 Rc5 36. Rc2 Rxc2+ 37. Nxc2 Nb5 38. Kd3 e5 39. Ne3 Ke6 40. Nc2 f5 41. Nb4 g5 42. g3 e4+ 43. fxe4 fxe4+ 44. Ke3 h5 45. h4 gxh4 46. gxh4 Ke5 47. Nc6+ Kd6 48. Nb4 Kc5 49. Nc2 Nc3 50. Nxa3 Nxa2 51. Nc2 Nc3 52. Kf4 d4 53. b4+ Kc4 54. b5 d3 55. Ne3+ Kxb5 56. Kg5 Ne2 57. Kxh5 1/2-1/2

[Event "Buxton e2e4 Major op 06"]
[Site "Buxton"]
[Date "2012.06.29"]
[Round "1"]
[White "Stephens, Ian Paul"]
[Black "Potter, Karl"]
[Result "1-0"]
[WhiteElo "1742"]
[BlackElo "1918"]
[PlyCount "37"]
[EventDate "2012.06.29"]
[EventType "swiss"]
[EventRounds "5"]
[EventCountry "ENG"]
[SourceTitle "EXT 2014"]
[Source "ChessBase"]
[SourceDate "2013.11.20"]
[SourceVersion "1"]
[SourceVersionDate "2013.11.20"]
[SourceQuality "1"]

1. e4 e6 2. d4 d5 3. Nd2 Nf6 4. e5 Nfd7 5. f4 c5 6. c3 Nc6 7. Ngf3 cxd4 8. cxd4 Qb6 9. Nb3 a5 10. a4 Bb4+ 11. Kf2 0-0 12. Be3 Ndb8 13. Bd3 Be7 14. h4 Nb4 15. Bxh7+ Kh8 16. Ng5 g6 17. h5 Bxg5 18. hxg6 fxg6 19. Bxg6+ 1-0